| 000 | 00594nam a2200145Ia 4500 | ||
|---|---|---|---|
| 008 | 100122s9999 xx 000 0 und d | ||
| 082 |
_b49736 _a821 |
||
| 100 | _aसावंत वसंत | ||
| 245 | _aमाझ्या दारातले सोनचाफ्याचे झाड | ||
| 260 |
_bपॉप्युलर प्रकाशन _c1993 |
||
| 300 | _a76 | ||
| 630 | _aमाझ्या दारातले सोनचाफ्याचे झाड | ||
| 730 | _aमाझ्या दारातले सोनचाफ्याचे झाड | ||
| 942 | _cBOOK | ||
| 999 |
_c427582 _d427579 |
||